Score 0/15 Timer 01:00
15 Plays Today
Clue 4-Letter Word % Correct
♟ Chess Piece ♙PAWN
94.1%
Not lightDARK
93.8%
Light's first appearance in the morningDAWN
93.6%
Wine bottle topperCORK
89.3%
♜ Chess Piece ♖ROOK
86.9%
Relative of geek or nerdDORK
85%
Mend socksDARN
82.1%
An item that gets readBOOK
80.7%
Clue 4-Letter Word % Correct
Underground portion of a plantROOT
77.9%
♚ Chess Piece ♔KING
73.2%
Microsoft's search engineBING
61.6%
Hit, usually over the headBONK
48.4%
An old codgerCOOT
48%
'Harold and Maude' actor BudCORT
43.9%
A bell sound or water pipeBONG
42.9%

Today's Daily Dose

Remove Ads.
Support Sporcle.
Get the best of Sporcle when you Go Orange. This ad-free experience offers more features, more stats, and more fun while also helping to support Sporcle. Thank you for becoming a member.

You're not logged in!

Compare scores with friends on all Sporcle quizzes.
OR
Log In

Show Comments

Extras

Top Quizzes Today


Score Distribution

Your Account Isn't Verified!

In order to create a playlist on Sporcle, you need to verify the email address you used during registration. Go to your Sporcle Settings to finish the process.

Report this User

Report this user for behavior that violates our Community Guidelines.

Details: